[Event "Bayernliga U20 1314"]
[Site "Bayern"]
[Date "2013.11.16"]
[Round "1.6"]
[White "Zhou, Kevin"]
[Black "Karl, Thomas"]
[Result "0-1"]
[WhiteElo "912"]
[BlackElo "1535"]
[PlyCount "62"]
[EventDate "2013.11.16"]
[EventType "team-tourn"]
[EventRounds "7"]
[EventCountry "GER"]
[SourceTitle "EXT 2022"]
[Source "ChessBase"]
[SourceDate "2021.10.06"]
[SourceVersion "1"]
[SourceVersionDate "2021.10.06"]
[SourceQuality "1"]
[WhiteTeam "Vaterstetten SC U20"]
[BlackTeam "Kelheim SK U20"]
[WhiteTeamCountry "GER"]
[BlackTeamCountry "GER"]

1. e4 d5 2. Nc3 dxe4 3. Nxe4 Qd4 4. Bd3 Nc6 5. Nf3 Bg4 6. h3 Bh5 7. 0-0 0-0-0 8. Nc3 Qd7 9. Be2 Bg6 10. Nh4 Nf6 11. Nxg6 hxg6 12. d3 e6 13. Bg5 Re8 14. Bf3 Bd6 15. Nb5 Bc5 16. Be3 Bxe3 17. fxe3 Kb8 18. Bxc6 Qxc6 19. Nd4 Qb6 20. a4 c6 21. c4 g5 22. Qd2 g4 23. Rf4 gxh3 24. gxh3 Qc7 25. Qf2 e5 26. Rh4 exd4 27. exd4 Qd6 28. Kg2 Rxh4 29. Qxh4 Re2+ 30. Kf1 Qh2 31. Re1 Qg2# 0-1

[Event "Nittenau-ch 13th"]
[Site "Nittenau"]
[Date "2013.09.13"]
[Round "1"]
[White "Karl, Thomas"]
[Black "Langensteiner, Matthias"]
[Result "0-1"]
[WhiteElo "1512"]
[BlackElo "1985"]
[PlyCount "58"]
[EventDate "2013.09.13"]
[EventType "swiss"]
[EventRounds "5"]
[EventCountry "GER"]
[SourceTitle "EXT 2022"]
[Source "ChessBase"]
[SourceDate "2021.10.06"]
[SourceVersion "1"]
[SourceVersionDate "2021.10.06"]
[SourceQuality "1"]

1. d4 Nf6 2. Bg5 g6 3. Bxf6 exf6 4. Nf3 d5 5. e3 Bg7 6. Be2 0-0 7. 0-0 b6 8. Nbd2 Bb7 9. c4 Nd7 10. Rc1 c5 11. b3 f5 12. dxc5 Nxc5 13. Nb1 Ne4 14. Nfd2 d4 15. Nxe4 fxe4 16. exd4 Bxd4 17. Kh1 Qf6 18. Qe1 Rad8 19. Nc3 a6 20. Bg4 Rfe8 21. Rc2 Qe5 22. Ne2 Bc5 23. Qc1 f5 24. Bh3 Rd3 25. Rd2 Rxh3 26. gxh3 e3+ 27. Rd5 Bxd5+ 28. cxd5 exf2 29. Nc3 Qe1 0-1

[Event "Wittelsbach op 1st"]
[Site "Kelheim"]
[Date "2012.12.26"]
[Round "1"]
[White "Watzenberger, Stefan"]
[Black "Karl, Thomas"]
[Result "1-0"]
[WhiteElo "1898"]
[BlackElo "1424"]
[PlyCount "57"]
[EventDate "2012.12.26"]
[EventType "swiss"]
[EventRounds "7"]
[EventCountry "GER"]
[SourceTitle "EXT 2014"]
[Source "ChessBase"]
[SourceDate "2013.11.20"]
[SourceVersion "1"]
[SourceVersionDate "2013.11.20"]
[SourceQuality "1"]

1. e4 e5 2. Nf3 Nc6 3. Bb5 a6 4. Ba4 Nf6 5. 0-0 b5 6. Bb3 d6 7. Re1 Be7 8. c3 Na5 9. Bc2 c5 10. d4 Nc6 11. d5 Na5 12. Nbd2 0-0 13. b4 Nb7 14. Qe2 Bg4 15. h3 Bh5 16. a4 c4 17. Nf1 Qc8 18. Ng3 Bg6 19. Nh4 Re8 20. Nhf5 Bxf5 21. Nxf5 Bf8 22. Bg5 Nd7 23. a5 f6 24. Be3 Nd8 25. h4 Nf7 26. Qg4 Kh8 27. h5 Qd8 28. g3 Ra7 29. Bxa7 1-0

[Event "Bayernliga U20 1112"]
[Site "Bayern"]
[Date "2012.01.21"]
[Round "4.6"]
[White "Karl, Thomas"]
[Black "Kaspar, Florian"]
[Result "1-0"]
[WhiteElo "1256"]
[BlackElo "1212"]
[PlyCount "105"]
[EventDate "2011.11.12"]
[EventType "team-swiss"]
[EventRounds "7"]
[EventCountry "GER"]
[SourceTitle "EXT 2022"]
[Source "ChessBase"]
[SourceDate "2021.10.06"]
[SourceVersion "1"]
[SourceVersionDate "2021.10.06"]
[SourceQuality "1"]
[WhiteTeam "Kelheim SK U20"]
[BlackTeam "Klosterlechfeld U20"]
[WhiteTeamCountry "GER"]
[BlackTeamCountry "GER"]

1. d4 d5 2. c4 e6 3. Nf3 Nc6 4. Nc3 Nf6 5. Bg5 Bb4 6. Qc2 0-0 7. e3 Qe8 8. Bxf6 gxf6 9. cxd5 exd5 10. Bd3 f5 11. Bxf5 Bxf5 12. Qxf5 Qe6 13. Qc2 Ne7 14. 0-0-0 Bxc3 15. Qxc3 c6 16. Rdg1 Kh8 17. g4 Rg8 18. g5 Qf5 19. Rg3 h6 20. h4 Rg7 21. Qc5 f6 22. Rhg1 fxg5 23. hxg5 Rag8 24. Rh1 Rh7 25. b3 Nc8 26. Rh2 hxg5 27. Rxh7+ Kxh7 28. Qc2 Qxc2+ 29. Kxc2 Kh6 30. Rh3+ Kg6 31. Nxg5 Rf8 32. Rf3 Rxf3 33. Nxf3 Kf5 34. Kd3 Nd6 35. Ne5 Kg5 36. a3 Kh4 37. f3 Kg3 38. Ke2 Kg2 39. a4 a5 40. Nd7 Kg1 41. f4 Kg2 42. Nf8 b5 43. Ng6 Nb7 44. f5 bxa4 45. bxa4 c5 46. f6 cxd4 47. f7 Nc5 48. f8Q Nxa4 49. Qf3+ Kh2 50. Kf2 dxe3+ 51. Qxe3 Nc3 52. Qg3+ Kh1 53. Qg2# 1-0

[Event "GER-chT U20"]
[Site "Osnabrueck"]
[Date "2010.12.28"]
[Round "3.6"]
[White "Karl, Thomas"]
[Black "Bluhm, Sonja Maria"]
[Result "0-1"]
[WhiteElo "1421"]
[BlackElo "1816"]
[PlyCount "64"]
[EventDate "2010.12.27"]
[EventType "team-swiss"]
[EventRounds "7"]
[EventCountry "GER"]
[SourceTitle "CBM 140 Extra"]
[Source "ChessBase"]
[SourceDate "2011.03.01"]
[SourceVersion "1"]
[SourceVersionDate "2011.03.01"]
[SourceQuality "1"]
[WhiteTeam "Kelheim"]
[BlackTeam "Neuberg"]
[WhiteTeamCountry "GER"]
[BlackTeamCountry "GER"]

1. d4 d5 2. c4 c6 3. Nf3 Nf6 4. Nc3 a6 5. e3 b5 6. c5 Bf5 7. Bd3 Bxd3 8. Qxd3 e6 9. Bd2 Nbd7 10. 0-0 Be7 11. Rfd1 0-0 12. a3 Qc7 13. b4 e5 14. Ne1 Ng4 15. Qe2 f5 16. h3 Ngf6 17. Nc2 Ne4 18. Nxe4 fxe4 19. Rf1 Rf5 20. f3 Nf6 21. fxe4 Rxf1+ 22. Rxf1 Nxe4 23. Be1 Bf6 24. Qg4 Qe7 25. Bg3 exd4 26. exd4 a5 27. Bh2 axb4 28. axb4 Qe8 29. Re1 Ra2 30. Re2 Bxd4+ 31. Nxd4 Ra1+ 32. Re1 Rxe1# 0-1

[Event "Nittenau-ch 10th"]
[Site "Nittenau"]
[Date "2010.09.19"]
[Round "5"]
[White "Karl, Thomas"]
[Black "Fischer, Manfred1111"]
[Result "0-1"]
[WhiteElo "1411"]
[BlackElo "1475"]
[PlyCount "50"]
[EventDate "2010.09.17"]
[EventType "swiss"]
[EventRounds "5"]
[EventCountry "GER"]
[SourceTitle "EXT 2022"]
[Source "ChessBase"]
[SourceDate "2021.10.06"]
[SourceVersion "1"]
[SourceVersionDate "2021.10.06"]
[SourceQuality "1"]

1. d4 g6 2. Nf3 Bg7 3. c4 d6 4. Nc3 c6 5. e3 Bg4 6. h3 Bxf3 7. Qxf3 Nf6 8. Bd3 Nbd7 9. 0-0 0-0 10. b3 e5 11. d5 cxd5 12. Nxd5 e4 13. Bxe4 Nxe4 14. Rb1 Re8 15. Rd1 f5 16. Bb2 Ne5 17. Qe2 Nf6 18. Bxe5 Rxe5 19. Nxf6+ Qxf6 20. Rd3 Rd8 21. Rbd1 Qe7 22. f3 Bh6 23. Re1 Re8 24. f4 Bxf4 25. Qf3 Bxe3+ 0-1

[Event "Oberpfalz-ch M3"]
[Site "Roding"]
[Date "2010.03.30"]
[Round "8"]
[White "Karl, Thomas"]
[Black "Meier, Christian"]
[Result "1/2-1/2"]
[WhiteElo "1331"]
[BlackElo "1299"]
[PlyCount "54"]
[EventDate "2010.03.27"]
[EventType "swiss"]
[EventRounds "8"]
[EventCountry "GER"]
[SourceTitle "EXT 2012"]
[Source "ChessBase"]
[SourceDate "2011.11.24"]
[SourceVersion "1"]
[SourceVersionDate "2011.11.24"]
[SourceQuality "1"]

1. d4 Nf6 2. Bg5 c5 3. Bxf6 gxf6 4. dxc5 Qa5+ 5. Nc3 Qxc5 6. e3 Bg7 7. Nf3 0-0 8. Nd4 e6 9. g3 Nc6 10. Bg2 f5 11. Bxc6 dxc6 12. Qd3 Rd8 13. 0-0-0 Qf8 14. Qe2 Bd7 15. Na4 c5 16. Nb5 a6 17. Nbc3 b5 18. Nb6 Ra7 19. Nxd7 Raxd7 20. Rxd7 Rxd7 21. Rd1 Qd8 22. Rxd7 Qxd7 23. Qd3 Qxd3 24. cxd3 Bxc3 25. bxc3 a5 26. Kc2 e5 27. d4 exd4 1/2-1/2

[Event "Nittenau-ch 7th"]
[Site "Nittenau"]
[Date "2007.??.??"]
[Round "5"]
[White "Jovic, Slavko"]
[Black "Karl, Thomas"]
[Result "1/2-1/2"]
[WhiteElo "1524"]
[BlackElo "820"]
[PlyCount "90"]
[EventDate "2007.??.??"]
[EventType "swiss"]
[EventRounds "5"]
[EventCountry "GER"]
[SourceTitle "EXT 2010"]
[Source "ChessBase"]
[SourceDate "2010.11.25"]
[SourceVersion "1"]
[SourceVersionDate "2010.11.25"]
[SourceQuality "1"]

1. e4 e5 2. Bc4 Nc6 3. Ne2 Nf6 4. d3 Bc5 5. h3 d6 6. Bg5 h6 7. Bh4 g5 8. Bg3 Be6 9. Nd2 Bxc4 10. Nxc4 Qd7 11. Qd2 0-0-0 12. 0-0-0 Rhe8 13. Kb1 d5 14. exd5 Nxd5 15. Na5 Bb4 16. c3 Bxa5 17. f3 f5 18. Nc1 f4 19. Bf2 Bb6 20. Bxb6 Nxb6 21. Nb3 Nd5 22. Nc1 Ne3 23. Rhe1 h5 24. Re2 Rh8 25. a3 g4 26. Rxe3 fxe3 27. Qxe3 gxf3 28. Qxf3 Rdf8 29. Qe3 Qe6 30. Ne2 Re8 31. Ng3 h4 32. Ne4 Rhg8 33. Rg1 b6 34. g4 hxg3 35. Rxg3 Rxg3 36. Qxg3 Qg8 37. Qe3 Qg2 38. h4 Qh1+ 39. Ka2 Qxh4 40. Qf3 Qh8 41. Nd6+ cxd6 42. Qxc6+ Kb8 43. Qxd6+ Kb7 44. Qd7+ Ka6 45. Qa4+ Kb7 1/2-1/2